A glimpse at Guatemala, and some notes on the Ancient monuments of Central America. With maps, plans, photographs, and other illustrations

Salvato in:
Dettagli Bibliografici
Autore principale: Maudslay, Anne Cary (autora)
Altri autori: Maudslay, Alfred Percival (autor)
Natura: Libro
Lingua:inglese
Pubblicazione: Londres John Murray, Albemarle street 1899
Edizione:1a. ed
Soggetti:
Tags: Aggiungi Tag
Nessun Tag, puoi essere il primo ad aggiungerne!!

MARC

LEADER 00000nam a2200000 a 4500
001 UCJ5628
003 CL-VaPUC
008 070124e18990000UK |||||||||||||||||eng|d
082 0 4 |a 910.4  |b MAU  |2 21 
100 |a Maudslay, Anne Cary  |e autora  |9 511046 
700 |a Maudslay, Alfred Percival  |e autor  |9 511047 
245 1 2 |a A glimpse at Guatemala, and some notes on the Ancient monuments of Central America. With maps, plans, photographs, and other illustrations 
250 |a 1a. ed 
300 |a xviii, 289 p 
942 |c BK 
945 |d 20070124 00:00:00  |a rinostro 
260 |a Londres  |b John Murray, Albemarle street  |c 1899 
500 |a Advierte errata; mapas e ilustraciones conforme a lo señalado en índices. Por su tamaño, se encuentra al comienzo de la colección de Viajeros 
650 0 |a Viajes  |9 257115 
650 7 |a EXPEDICIONES CIENTITICAS  |2 CL-VaPUC  |9 511048 
650 0 |a Arqueología   |9 265619 
650 0 |a Antropología   |9 233030 
650 0 |a Culturas precolombinas  |9 408769 
650 0 |a Geografía  |9 259346 
650 7 |a MAYAS  |2 CL-VaPUC  |9 267590 
650 0 |a Arquitectura  |9 804558 
650 7 |a JEROGLIFICOS  |2 CL-VaPUC  |9 265779 
650 0 |a Mapas  |9 260844 
650 0 |a Ilustraciones  |9 369481 
651 0 |a Guatemala  |9 258335 
651 7 |a PALENQUE  |2 CL-VaPUC  |9 511050 
651 7 |a COPAN  |2 CL-VaPUC  |9 511051 
583 |a last modification  |c 20070124 00:00:00  |k Rodrigo Vera 
999 |c 321737  |d 321735 
952 |0 0  |1 0  |4 0  |6 910_400000000000000_MAU_1899  |7 0  |8 X  |9 400563  |a FDOBUD  |b FDOBUD  |d 2019-11-22  |i 1037323  |o 910.4 MAU 1899  |p 1037323  |r 2019-11-22  |w 2019-11-22  |y BK_X  |k BUD